Normal view
MARC view
Entry Corporate Name
001 - CONTROL NUMBER
- control field: 3313
003 - CONTROL NUMBER IDENTIFIER
- control field: OSt
005 - DATE AND TIME OF LATEST TRANSACTION
- control field: 20150325134655.0
008 - FIXED-LENGTH DATA ELEMENTS
- fixed length control field: 150325|| aca||aabn | a|a d
040 ## - CATALOGING SOURCE
- Original cataloging agency: OSt
- Transcribing agency: OSt
110 ## - HEADING--CORPORATE NAME
- Corporate name or jurisdiction name as entry element: American Psychiatric Association.
- Subordinate unit: Committee on Nomenclature and Statistics.
- Title of a work: Diagnostic and statistical manual of mental disorders.
670 ## - SOURCE DATA FOUND
- Source citation: Work cat.: (OSt)1230: Diagnostic and statistical manual of mental disorders., c1980.
